00518nam a22001457a 4500003000400000005001700004008004100021040001400062100002600076245009800102260000900200300002800209500010300237504003200340OSt20171010095519.0120816t xxu||||| |||| 00| 0 eng d aMMSUcULS aSasutil, Remedios P.  aLevels of awareness and compliance with fair trade laws by businessmen cRemedios P. Sasutil  c2004 axx, 162 leaves c28 cm. aThesis (MA Public Administration) -- Mariano Marcos State University-Graduate School, Laoag City  aBibliography: leaves 78-79